[Event "Cappelle op 40th"]
[Site "Cappelle la Grande"]
[Date "2024.03.04"]
[Round "4"]
[White "Can, Emre"]
[Black "Zylka, Stanislaw"]
[Result "1/2-1/2"]
[WhiteElo "2551"]
[BlackElo "2401"]
[PlyCount "57"]
[EventDate "2024.03.02"]
[EventType "swiss"]
[EventRounds "9"]
[EventCountry "FRA"]
[SourceTitle "CB11_2024"]
[SourceDate "2024.03.13"]
[SourceVersion "1"]
[SourceVersionDate "2024.03.13"]
[SourceQuality "1"]

1. e4 c5 2. Nf3 e6 3. c3 d5 4. exd5 Qxd5 5. d4 Nf6 6. Na3 Nc6 7. Be3 cxd4 8. Nb5 Qd7 9. Nbxd4 a6 10. Be2 Bd6 11. 0-0 0-0 12. Nxc6 Qxc6 13. Bd4 Qc7 14. Bxf6 gxf6 15. Qd4 Be7 16. Rad1 Kh8 17. Nd2 e5 18. Qc4 Qxc4 19. Nxc4 Be6 20. Nb6 Rad8 21. Bf3 Rxd1 22. Rxd1 Rd8 23. Nd5 Bxd5 24. Bxd5 Kg7 25. Kf1 f5 26. Ke2 b6 27. c4 Bc5 28. Rd3 Rd6 29. Rg3+ 1/2-1/2

[Event "POL-chT 1st League"]
[Site "Leba"]
[Date "2023.09.27"]
[Round "5.3"]
[White "Kozak, Antoni"]
[Black "Zylka, Stanislaw"]
[Result "1-0"]
[WhiteElo "2427"]
[BlackElo "2423"]
[PlyCount "105"]
[EventDate "2023.09.23"]
[EventType "team-swiss"]
[EventRounds "9"]
[EventCountry "POL"]
[SourceTitle "EXT 2024"]
[Source "ChessBase"]
[SourceDate "2023.10.10"]
[SourceVersion "1"]
[SourceVersionDate "2023.10.10"]
[SourceQuality "1"]
[WhiteTeam "Sedziszow Malopolski"]
[BlackTeam "Jastrzebie Zdroj Pionier"]
[WhiteTeamCountry "POL"]
[BlackTeamCountry "POL"]

1. Nf3 d5 2. g3 g6 3. Bg2 Bg7 4. 0-0 e5 5. d3 Ne7 6. e4 Nbc6 7. exd5 Nxd5 8. Nc3 Nxc3 9. bxc3 0-0 10. Nd2 Bd7 11. Nc4 Be6 12. Ne3 Qd7 13. Re1 Rad8 14. Rb1 b6 15. Ba3 Rfe8 16. Qf3 Ne7 17. c4 c5 18. Bc1 Qa4 19. Rb3 Qd7 20. Bb2 f6 21. Qb7 Qxb7 22. Bxb7 Rd6 23. Ra3 Rb8 24. Bg2 a5 25. Bc3 Rbd8 26. Rb3 R8d7 27. Nf1 Bh6 28. f4 exf4 29. Bxf6 Bg7 30. Bxg7 Kxg7 31. gxf4 Nf5 32. Ng3 Nd4 33. Rb2 Bf5 34. Kf2 a4 35. a3 Rf7 36. Ne2 Bg4 37. Nxd4 Rxd4 38. Rxb6 Rdxf4+ 39. Kg3 Bd7 40. h3 R4f5 41. Re2 Kh6 42. Rd6 Rg5+ 43. Kh2 Rh5 44. Rd5 Bg4 45. Re1 Rf6 46. Kg3 Bc8 47. Rxh5+ gxh5 48. Re5 h4+ 49. Kxh4 Rf2 50. Be4 Rxc2 51. Re7 Bf5 52. Bxf5 Rxc4+ 53. Be4 1-0

[Event "Oviedo op 9th"]
[Site "Oviedo"]
[Date "2023.07.27"]
[Round "5"]
[White "Zylka, Stanislaw"]
[Black "Willems, Niels"]
[Result "1-0"]
[WhiteElo "2417"]
[BlackElo "2311"]
[PlyCount "87"]
[EventDate "2023.07.24"]
[EventType "swiss"]
[EventRounds "9"]
[EventCountry "ESP"]
[SourceTitle "CBM 215 Extra"]
[Source "ChessBase"]
[SourceDate "2023.09.30"]
[SourceVersion "1"]
[SourceVersionDate "2023.09.30"]
[SourceQuality "1"]

1. c4 c5 2. Nf3 Nc6 3. Nc3 Nf6 4. e3 e6 5. d4 d5 6. a3 dxc4 7. Bxc4 a6 8. 0-0 b5 9. Ba2 Bb7 10. Qe2 cxd4 11. Rd1 b4 12. axb4 Nxb4 13. Rxd4 Qb6 14. Bb1 Be7 15. Rh4 Nfd5 16. Rh3 Nxc3 17. bxc3 Nd5 18. Qc2 Bf6 19. Nd4 Nxc3 20. Qxc3 Rc8 21. Qe1 Bxd4 22. exd4 Qc6 23. d5 Qxc1 24. Ba2 Qxe1+ 25. Rxe1 Ke7 26. dxe6 f5 27. Rd3 Rhd8 28. Rd7+ Rxd7 29. exd7+ Kxd7 30. Be6+ Kd6 31. Bxc8 Bxc8 32. f4 Bd7 33. Re5 g6 34. Kf2 Bc6 35. g3 Bb5 36. Ke3 Bc6 37. Kd4 Bb5 38. h4 h5 39. Rd5+ Ke6 40. Kc5 Bf1 41. Rd6+ Kf7 42. Kd5 a5 43. Rd7+ Kf6 44. Ra7 1-0

[Event "Norway Chess op"]
[Site "Stavanger"]
[Date "2023.06.02"]
[Round "9"]
[White "Zylka, Stanislaw"]
[Black "Sokolovsky, Yahli"]
[Result "1-0"]
[WhiteElo "2415"]
[BlackElo "2461"]
[PlyCount "121"]
[EventDate "2023.05.27"]
[EventType "swiss"]
[EventRounds "10"]
[EventCountry "NOR"]
[SourceTitle "CBM 214 Extra"]
[Source "ChessBase"]
[SourceDate "2023.07.31"]
[SourceVersion "1"]
[SourceVersionDate "2023.07.31"]
[SourceQuality "1"]

1. d4 d5 2. c4 e6 3. Nf3 Nf6 4. Nc3 c6 5. Bg5 Nbd7 6. e3 Qa5 7. cxd5 exd5 8. Nd2 Bd6 9. Bd3 0-0 10. Qc2 Re8 11. 0-0 Qc7 12. Nf3 h6 13. Bh4 Nh5 14. Rfc1 Qb8 15. Rab1 Nf8 16. Bg3 Nxg3 17. hxg3 Bg4 18. Nh4 Nd7 19. Bh7+ Kh8 20. Bf5 Nf6 21. Bxg4 Nxg4 22. Ne2 Qd8 23. Qf5 Nf6 24. b4 a6 25. a4 g6 26. Qc2 Qd7 27. Nf3 Kg8 28. Nf4 Ne4 29. b5 axb5 30. axb5 Rec8 31. bxc6 bxc6 32. Rb6 Rab8 33. Rxb8 Bxb8 34. Nd3 Qf5 35. Nc5 Nd6 36. Ne5 Kg7 37. Ncd7 Ne4 38. g4 Qe6 39. Nxb8 Rxb8 40. f3 Nd6 41. Kf2 Nc4 42. Nxc4 dxc4 43. e4 Qd6 44. Qxc4 Rb2+ 45. Kg1 Rd2 46. d5 c5 47. Qxc5 Qf4 48. Qc3+ Kh7 49. Ra1 h5 50. Ra8 f6 51. g5 Rd1+ 52. Kf2 Rc1 53. Ra7+ Kg8 54. Ra8+ Kh7 55. g3 Qxg5 56. f4 Qxf4+ 57. gxf4 Rxc3 58. d6 Rd3 59. e5 Rd2+ 60. Ke3 Rd1 61. exf6 1-0

[Event "Norway Chess op"]
[Site "Stavanger"]
[Date "2023.05.29"]
[Round "4"]
[White "Zylka, Stanislaw"]
[Black "Sivuk, Vitaly"]
[Result "0-1"]
[WhiteElo "2415"]
[BlackElo "2489"]
[PlyCount "88"]
[EventDate "2023.05.27"]
[EventType "swiss"]
[EventRounds "10"]
[EventCountry "NOR"]
[SourceTitle "CBM 214 Extra"]
[Source "ChessBase"]
[SourceDate "2023.07.31"]
[SourceVersion "1"]
[SourceVersionDate "2023.07.31"]
[SourceQuality "1"]

1. d4 d5 2. c4 e6 3. Nf3 c6 4. Nbd2 Nf6 5. g3 Be7 6. Bg2 0-0 7. 0-0 b6 8. Qc2 Bb7 9. Rd1 Nbd7 10. e4 dxc4 11. e5 Nd5 12. Ne4 h6 13. Qxc4 Rc8 14. h4 c5 15. h5 Qc7 16. b3 Rfd8 17. Bb2 Ne3 18. fxe3 Bxe4 19. Qe2 Qb7 20. Nd2 Bxg2 21. Qxg2 Qxg2+ 22. Kxg2 cxd4 23. Bxd4 Rc2 24. Kh3 Nxe5 25. Bxe5 Rdxd2 26. Rxd2 Rxd2 27. Rc1 Rd5 28. Rc8+ Kh7 29. Bf4 Rxh5+ 30. Kg4 Rc5 31. Rxc5 Bxc5 32. e4 b5 33. Bc7 Kg6 34. Kf4 h5 35. Bb8 a6 36. Bc7 Bd4 37. Bb8 f6 38. Kf3 Be5 39. Ba7 f5 40. Bf2 Kf6 41. a4 g5 42. exf5 exf5 43. axb5 axb5 44. Bb6 Ke6 0-1

[Event "Ayvalik Iris"]
[Site "Ayvalik"]
[Date "2023.05.09"]
[Round "4"]
[White "Zylka, Stanislaw"]
[Black "Ipek, Egehan"]
[Result "1-0"]
[WhiteElo "2415"]
[BlackElo "2308"]
[PlyCount "65"]
[EventDate "2023.05.07"]
[EventType "schev"]
[EventRounds "9"]
[EventCountry "TUR"]
[SourceTitle "CBM 214 Extra"]
[Source "ChessBase"]
[SourceDate "2023.07.31"]
[SourceVersion "1"]
[SourceVersionDate "2023.07.31"]
[SourceQuality "1"]
[WhiteTeam "Team B"]
[BlackTeam "Team C"]
[WhiteTeamCountry "TUR"]
[BlackTeamCountry "TUR"]

1. e4 c5 2. Nf3 e6 3. d4 cxd4 4. Nxd4 Nc6 5. Nc3 Qc7 6. Qd3 a6 7. Nxc6 bxc6 8. Qg3 Qxg3 9. hxg3 Bb4 10. Bd2 d5 11. g4 Ne7 12. 0-0-0 Ng6 13. Be2 Rb8 14. a3 Bd6 15. g3 d4 16. Nb1 c5 17. Ba5 Bb7 18. Nd2 Rc8 19. f4 e5 20. f5 Nf8 21. Nc4 Ke7 22. g5 Nd7 23. Rh4 Bb8 24. Rdh1 Rhg8 25. Be1 f6 26. Bd2 Bc7 27. Bd3 Nf8 28. a4 g6 29. Rxh7+ Nxh7 30. Rxh7+ Ke8 31. gxf6 Rf8 32. Ba5 Bxa5 33. Nd6+ 1-0

[Event "Ayvalik Iris"]
[Site "Ayvalik"]
[Date "2023.05.08"]
[Round "2"]
[White "Zylka, Stanislaw"]
[Black "Zaksaite, Salomeja"]
[Result "1-0"]
[WhiteElo "2415"]
[BlackElo "2283"]
[PlyCount "81"]
[EventDate "2023.05.07"]
[EventType "schev"]
[EventRounds "9"]
[EventCountry "TUR"]
[SourceTitle "CBM 214 Extra"]
[Source "ChessBase"]
[SourceDate "2023.07.31"]
[SourceVersion "1"]
[SourceVersionDate "2023.07.31"]
[SourceQuality "1"]
[WhiteTeam "Team B"]
[BlackTeam "Team D"]
[WhiteTeamCountry "TUR"]
[BlackTeamCountry "TUR"]

1. d4 Nf6 2. c4 g6 3. Nc3 d5 4. cxd5 Nxd5 5. e4 Nxc3 6. bxc3 Bg7 7. Bc4 c5 8. Ne2 0-0 9. 0-0 Nc6 10. Be3 b6 11. Rc1 Bb7 12. Bb5 e6 13. Qd2 Ne7 14. f3 a6 15. Bd3 cxd4 16. cxd4 Qd7 17. h4 h5 18. Rcd1 Rfd8 19. Kh1 Kh7 20. Bg5 b5 21. e5 Rdc8 22. Kh2 Nf5 23. Kh3 Rc7 24. g4 Nh6 25. gxh5 Nf5 26. Qf4 Rh8 27. hxg6+ fxg6 28. Rc1 Rxc1 29. Rxc1 Rf8 30. h5 Kg8 31. Bf6 Bxf6 32. exf6 Qh7 33. Ng3 Rxf6 34. Rc7 Nxg3 35. Qxf6 Qxc7 36. Qxe6+ Kg7 37. Qxg6+ Kf8 38. Qxg3 Bc8+ 39. Kh2 Qf7 40. Qd6+ Kg7 41. h6+ 1-0

[Event "CZE-chT1E 2223"]
[Site "Czech Republic"]
[Date "2023.01.29"]
[Round "7.6"]
[White "Zylka, Stanislaw"]
[Black "Nasuta, Grzegorz"]
[Result "1/2-1/2"]
[WhiteElo "2410"]
[BlackElo "2542"]
[PlyCount "48"]
[EventDate "2022.10.08"]
[EventType "team-tourn"]
[EventRounds "11"]
[EventCountry "CZE"]
[SourceTitle "CBM 213 Extra"]
[Source "ChessBase"]
[SourceDate "2023.05.31"]
[SourceVersion "1"]
[SourceVersionDate "2023.05.31"]
[SourceQuality "1"]
[WhiteTeam "Orlova Slavia"]
[BlackTeam "Poruba Slavoj"]
[WhiteTeamCountry "CZE"]
[BlackTeamCountry "CZE"]

1. d4 Nf6 2. c4 e6 3. Nc3 d5 4. cxd5 exd5 5. Bg5 c6 6. e3 Be7 7. Qc2 0-0 8. Bd3 Nbd7 9. Nf3 Re8 10. 0-0 Nf8 11. Rab1 a5 12. a3 Ne4 13. Bxe7 Qxe7 14. b4 Bf5 15. Nxe4 dxe4 16. Bc4 axb4 17. Ne5 Be6 18. axb4 f6 19. Bxe6+ Nxe6 20. Nc4 Nc7 21. Nb6 Ra6 22. Na4 f5 23. Rfc1 Qf7 24. Nc5 Rb6 1/2-1/2

[Event "SVK-chT1E 2223"]
[Site "Slovakia"]
[Date "2022.12.04"]
[Round "6.1"]
[White "Zylka, Stanislaw"]
[Black "Tazbir, Marcin"]
[Result "1/2-1/2"]
[WhiteElo "2422"]
[BlackElo "2509"]
[PlyCount "30"]
[EventDate "2022.10.15"]
[EventType "team-tourn"]
[EventRounds "11"]
[EventCountry "SVK"]
[SourceTitle "EXT 2024"]
[Source "ChessBase"]
[SourceDate "2023.10.10"]
[SourceVersion "1"]
[SourceVersionDate "2023.10.10"]
[SourceQuality "1"]
[WhiteTeam "Cadca"]
[BlackTeam "Dunajov Martin"]
[WhiteTeamCountry "SVK"]
[BlackTeamCountry "SVK"]

1. d4 Nf6 2. c4 e6 3. Nc3 Bb4 4. Qc2 0-0 5. e4 d6 6. Bd3 e5 7. d5 Nbd7 8. Nge2 a6 9. h3 Nc5 10. a3 Nxd3+ 11. Qxd3 Bc5 12. b4 Ba7 13. Bg5 h6 14. Be3 Bxe3 15. Qxe3 Nh7 1/2-1/2

[Event "Budapest Vezerkepzo GM-A 11"]
[Site "Budapest"]
[Date "2022.11.18"]
[Round "2"]
[White "Neverov, Valeriy"]
[Black "Zylka, Stanislaw"]
[Result "0-1"]
[WhiteElo "2388"]
[BlackElo "2410"]
[PlyCount "128"]
[EventDate "2022.11.17"]
[EventType "tourn"]
[EventRounds "11"]
[EventCountry "HUN"]
[EventCategory "6"]
[SourceTitle "CBM 211 Extra"]
[Source "ChessBase"]
[SourceDate "2023.01.31"]
[SourceVersion "1"]
[SourceVersionDate "2023.01.31"]
[SourceQuality "1"]

1. Nf3 d5 2. c4 d4 3. e4 c5 4. d3 Nc6 5. g3 e5 6. Bg2 Nge7 7. Na3 Ng6 8. Nc2 Be7 9. 0-0 h5 10. Bd2 h4 11. a3 a5 12. b4 Bg4 13. bxc5 Qd7 14. Qb1 Nf8 15. Nb4 axb4 16. axb4 Rxa1 17. Qxa1 Ng6 18. Qa8+ Nd8 19. Ra1 h3 20. Bh1 0-0 21. Qa4 Qc8 22. Qa8 Qe6 23. Ne1 Bh5 24. Qa4 Kh8 25. Qc2 Qc8 26. Bc1 Ne6 27. Bf3 Bxf3 28. Nxf3 Kg8 29. Qe2 Qc6 30. Bd2 b6 31. cxb6 Qxb6 32. Ne1 Bg5 33. Bxg5 Nxg5 34. b5 Qd6 35. Qg4 Ne6 36. Qxh3 Qb4 37. Qg4 Nc5 38. Qd1 Qc3 39. Rc1 Qa5 40. Ra1 Qb6 41. Qh5 Qb7 42. h4 Ra8 43. Qd1 Nf8 44. Nc2 Rxa1 45. Nxa1 Qa8 46. Nc2 Qa4 47. Qe2 Nfd7 48. Kg2 Qb3 49. Ne1 Qb1 50. Qd2 Kf8 51. Kh2 Ke8 52. Kg2 Qa1 53. Kh2 Kd8 54. Kg2 Kc8 55. Kf1 Nb3 56. Qe2 Kc7 57. Kg2 Ndc5 58. h5 Qc3 59. Qd1 Kb6 60. Qe2 Nc1 61. Qd1 N1xd3 62. Nxd3 Qxd3 63. Qxd3 Nxd3 64. Kf1 Nb2 0-1

[Event "POL-chT 1st League"]
[Site "Sypniewo"]
[Date "2022.09.09"]
[Round "7.6"]
[White "Zylka, Stanislaw"]
[Black "Miroslaw, Michal"]
[Result "1-0"]
[WhiteElo "2384"]
[BlackElo "2234"]
[PlyCount "73"]
[EventDate "2022.09.03"]
[EventType "team-swiss"]
[EventRounds "9"]
[EventCountry "POL"]
[SourceTitle "CBM 210 Extra"]
[Source "ChessBase"]
[SourceDate "2022.11.30"]
[SourceVersion "1"]
[SourceVersionDate "2022.11.30"]
[SourceQuality "1"]
[WhiteTeam "Jastrzebie Zdroj Pionier"]
[BlackTeam "Lublin LKSz"]
[WhiteTeamCountry "POL"]
[BlackTeamCountry "POL"]

1. d4 d5 2. c4 e6 3. Nf3 Nf6 4. g3 dxc4 5. Bg2 Nbd7 6. 0-0 Rb8 7. Qc2 b5 8. b3 Bb7 9. bxc4 Be4 10. Qd1 bxc4 11. Nbd2 Bb4 12. Nxe4 Nxe4 13. Qc2 f5 14. Qxc4 Qe7 15. Qxc7 0-0 16. Bf4 Nc3 17. Qc4 Rbc8 18. Qd3 Ba3 19. Bc1 Nb6 20. Ne5 Nbd5 21. e4 fxe4 22. Bxe4 Nf6 23. Nc6 Qd6 24. Qxc3 Bxc1 25. Bxh7+ Nxh7 26. Raxc1 Ng5 27. Qc5 Rxc6 28. Qxc6 Qxd4 29. Kg2 Ne4 30. Qxe6+ Kh7 31. Qh3+ Kg8 32. Rc8 Qd5 33. Rxf8+ Kxf8 34. Qc8+ Kf7 35. Qc7+ Kg8 36. Qb8+ Kf7 37. Qb3 1-0

[Event "POL-chT 1st League"]
[Site "Sypniewo"]
[Date "2022.09.07"]
[Round "5.6"]
[White "Zylka, Stanislaw"]
[Black "Psyk, Radoslaw"]
[Result "1/2-1/2"]
[WhiteElo "2384"]
[BlackElo "2404"]
[PlyCount "74"]
[EventDate "2022.09.03"]
[EventType "team-swiss"]
[EventRounds "9"]
[EventCountry "POL"]
[SourceTitle "CBM 210 Extra"]
[Source "ChessBase"]
[SourceDate "2022.11.30"]
[SourceVersion "1"]
[SourceVersionDate "2022.11.30"]
[SourceQuality "1"]
[WhiteTeam "Jastrzebie Zdroj Pionier"]
[BlackTeam "Strzelce Opolskie Strzelec"]
[WhiteTeamCountry "POL"]
[BlackTeamCountry "POL"]

1. d4 Nf6 2. Nf3 e6 3. c4 b6 4. g3 Bb7 5. Bg2 Be7 6. 0-0 0-0 7. Nc3 Ne4 8. Bd2 Bf6 9. Re1 Nxc3 10. Bxc3 Be4 11. Nh4 Bxg2 12. Nxg2 c5 13. Rc1 d6 14. d5 Bxc3 15. Rxc3 e5 16. e4 Nd7 17. Ne3 g6 18. Qg4 a6 19. a4 Rb8 20. Ra1 Kh8 21. Kg2 Rb7 22. Rb3 a5 23. Rf1 Qe8 24. Ra3 Nf6 25. Qh4 Ng8 26. g4 Qe7 27. Qxe7 Nxe7 28. Nd1 f5 29. f3 h6 30. h3 Ng8 31. Nc3 Nf6 32. Nb5 Rd7 33. Rb3 Kg8 34. Nc3 Rb7 35. Nb5 Rd7 36. Nc3 Rb7 37. Nb5 Rd7 1/2-1/2